Chanda's secrets (Record no. 28087)

MARC details
000 -LEADER
fixed length control field 00544nam a2200181Ia 4500
020 ## - INTERNATIONAL STANDARD BOOK NUMBER
ISBN 9781550378351
050 ## - CALL MARK
Classification number PZ7 .S9109/
100 ## - STATEMENT OF RESPONSIBILITY--MAIN AUTHOR NAME
Personal name Stratton, Allan.
245 #0 - TITLE STATEMENT
Title Chanda's secrets
260 ## - PUBLICATION, DISTRIBUTION, ETC. (IMPRINT)
Place of publication New York
260 ## - PUBLICATION, DISTRIBUTION, ETC. (IMPRINT)
Name of publisher Annick Press
260 ## - PUBLICATION, DISTRIBUTION, ETC. (IMPRINT)
Year of publication 2004
300 ## - PHYSICAL DESCRIPTION
Number of Pages 193 p
650 ## - SUBJECT ADDED ENTRY--TOPICAL TERM
Topical Term AIDS (Disease)--Africa--Juvenile fiction. Teenagers and death--Juvenile fiction. Secrecy--Juvenile fiction. Shame--Juvenile fiction.
942 ## - ADDED ENTRY ELEMENTS (KOHA)
Koha item type Books
Holdings
Withdrawn status Lost status Source of classification or shelving scheme Damaged status Not for loan Permanent Location Current Location Date acquired Accession Number Price effective from Koha item type
    Library of Congress Classification     NILE UNIVERSITY OF NIGERIA - MAIN LIBRARY NILE UNIVERSITY OF NIGERIA - MAIN LIBRARY 04/23/2025 0190839 04/23/2025 Books